LOL (EU MASTER) - Statistiques

Statistiques générales
  • Ce quiz a été pris 46 fois
  • Le résultat moyen est 5 sur 38
Statistiques - réponses
nombres de participations équipes % Correct
3 ⁠Karmine Corp
98%
7 LDLC OL
59%
2 Vitality.Bee
54%
5 Team GO
46%
6 Misfits Premier
32%
2 Team BDS Academy
29%
2 Los Heretics
24%
5 Giants
22%
5 ⁠Movistar Riders
20%
3 SK Gaming Prime
20%
8 ⁠AGO ROGUE
17%
4 ⁠Macko Esports
17%
4 BT Excel
15%
4 ⁠Schalke 04
12%
4 Berlin International Gaming
7%
4 eSuba
7%
6 Fnatic TQ
7%
3 ⁠Unicorns of Love Sexy Edition
7%
3 GamerLegion
5%
3 K1CK
5%
3 ⁠Zero Tenacity
5%
2 Campus Party Sparks
2%
2 Crvena zvezda Esports
2%
3 Defusekids
2%
2 eNsure
2%
2 EURONICS Gaming
2%
4 ⁠Illuminar Gaming
2%
5 mousesports
2%
2 Ninjas in Pyjamas
2%
2 ⁠PDW
2%
4 Splyce Vipers
2%
2 Team Atlantis
2%
3 WLGaming Esports
2%
2 ⁠X7 Esports
2%
4 ⁠Anorthosis Famagusta Esports
0%
3 For The Win Esports
0%
3 ⁠ŠAIM SE SuppUp
0%
3 UCAM Esports Club
0%
Aucun quiz correspondant
Distribution des résultats
% des personnes avec chaque résultat
Percentile par nombre de réponses
Votre historique - résultats
Vous n’avez pas pris ce quiz